书目信息 |
| 题名: |
顶岗实习指导
|
|
| 作者: | 李强 编著 | |
| 分册: | ||
| 出版信息: | 北京 人民日报出版社 2014 |
|
| 页数: | 171页 | |
| 开本: | 24cm | |
| 丛书名: | ||
| 单 册: | ||
| 中图分类: | G718.5 | |
| 科图分类: | ||
| 主题词: | 教育实习--高等职业教育--教学参考资料 | |
| 电子资源: | ||
| ISBN: | 978-7-5115-2406-5 | |
| 000 | 00767nam0 2200229 450 | |
| 001 | 339451 | |
| 005 | 20150608091908.98 | |
| 010 | @a978-7-5115-2406-5@dCNY34.00 | |
| 100 | @a20141203d2014 em y0chiy50 ea | |
| 101 | 0 | @achi |
| 102 | @aCN@b110000 | |
| 105 | @ay z 000yy | |
| 106 | @ar | |
| 200 | 1 | @a顶岗实习指导@Ading gang shi xi zhi dao@f李强编著 |
| 210 | @a北京@c人民日报出版社@d2014 | |
| 215 | @a171页@d24cm | |
| 330 | @a本书共分三篇, 第一篇准备篇, 旨在帮助学生做好顶岗实习前的准备;第二篇实习篇, 旨在指导学生高效实习顺利毕业;第三篇发展篇, 旨在引导学生成功就业持续发展。 | |
| 606 | 0 | @a教育实习@x高等职业教育@j教学参考资料 |
| 690 | @aG718.5@v5 | |
| 701 | 0 | @a李强@Ali qiang@f(1975)@4编著 |
| 801 | 0 | @aCN@b卓展宏图@c20150525 |
| 905 | @dG718.5@e26@f4 | |
| 顶岗实习指导/李强编著.-北京:人民日报出版社,2014 |
| 171页;24cm |
| ISBN 978-7-5115-2406-5:CNY34.00 |
| 本书共分三篇, 第一篇准备篇, 旨在帮助学生做好顶岗实习前的准备;第二篇实习篇, 旨在指导学生高效实习顺利毕业;第三篇发展篇, 旨在引导学生成功就业持续发展。 |
| ● |
| 相关链接 |
|
|
|
|
正题名:顶岗实习指导
索取号:G718.5/26
 
预约/预借
| 序号 | 登录号 | 条形码 | 馆藏地/架位号 | 状态 | 备注 |
| 1 | 858265 | 208582657 | 第一样本阅览室/ [索取号:G718.5/26] | 在馆 | |
| 2 | 858266 | 208582666 | 第四借阅区/ [索取号:G718.5/26] | 在馆 | |
| 3 | 858267 | 208582675 | 第四借阅区/ [索取号:G718.5/26] | 在馆 | |
| 4 | 858268 | 208582684 | 第四借阅区/ [索取号:G718.5/26] | 在馆 |